SpOOrcle Countries Quiz Stats

 Plays Quiz Updated Jul 14, 2015

Challenge
Share
Tweet
Embed
Score 0/34 Timer 05:00
3 Plays Today
Hint Answer % Correct
POPoland
88%
COColombia
74.8%
LOColombia
74.8%
SOSouth Korea
74.8%
SOSouth Africa
72.8%
POPortugal
72.6%
RORomania
70.6%
SOSomalia
69.6%
OOCameroon
65%
ROCameroon
65%
SOSouth Sudan
63.2%
ROMorocco
58.6%
COMorocco
58.6%
SOLesotho
57.4%
ROComoros
51.4%
COComoros
51.4%
COMexico
49.8%
Hint Answer % Correct
CODemocratic Republic of the Congo
48.1%
COCosta Rica
46.6%
CORepublic of the Congo
43.2%
COMonaco
40.9%
LOSlovakia
39.6%
LOSlovenia
39.5%
SOKosovo
38.9%
SOSolomon Islands
33.8%
LOSolomon Islands
33.8%
COCote d'Ivoire
33.2%
ROCroatia
31.8%
SOBurkina Faso
29.2%
EOGeorgia
28.4%
ROMontenegro
27.4%
EOSierra Leone
25.9%
POSingapore
23.3%
ROMicronesia
16%

You're not logged in!

Compare scores with friends on all Sporcle quizzes.
Join for Free
OR
Log In

You Might Also Like...

Show Comments

Extras

Top Quizzes Today


Score Distribution

Your Account Isn't Verified!

In order to create a playlist on Sporcle, you need to verify the email address you used during registration. Go to your Sporcle Settings to finish the process.

Report this User

Report this user for behavior that violates our Community Guidelines.

Details: